|
|
|
|
| LEADER |
02235nam a2200301 a 4500 |
| 001 |
0020144 |
| 003 |
BD-DhAAL |
| 005 |
20250812165015.0 |
| 008 |
100419s2006 bg 000 0 ben d |
| 020 |
|
|
|a 984868414X
|
| 040 |
|
|
|a BD-DhAAL
|c BD-DhAAL
|
| 082 |
0 |
0 |
|a 349.549203
|2 22
|
| 245 |
1 |
0 |
|a আইন শব্দকোষ /
|c মুহাম্মদ হাবিবুর রহমান ও আনিসুজ্জামান, সম্পাদক ও সংকলক.
|
| 260 |
|
|
|a ঢাকা :
|b অন্য প্রকাশ,
|c ২০০৬.
|
| 300 |
|
|
|a ১৩১২ পৃষ্ঠা ;
|c ২২ সে.মি.
|
| 504 |
|
|
|a গ্রন্থপঞ্জিগত নির্দেশিকা (পৃষ্ঠা [১৩১১]-১৩১২) ও নির্ঘণ্ট অন্তর্ভুক্ত।
|
| 526 |
|
|
|a SOL
|x K. Shamsuddin Mahmood
Professor and Dean
School of Law
BRAC University
|
| 541 |
1 |
|
|e 0020144, 0020145
|a Anupam Gyan Bhandar
|
| 650 |
|
0 |
|a Law
|z Bangladesh
|v Dictionaries.
|9 19699
|
| 700 |
1 |
|
|a রহমান,মুহাম্মদ হাবিবুর.
|9 19700
|
| 700 |
1 |
|
|a আনিসুজ্জামান.
|9 19701
|
| 852 |
4 |
|
|a Ayesha Abed Library
|c Reference Section
|
| 942 |
0 |
0 |
|2 ddc
|c BK
|
| 999 |
|
|
|c 8211
|d 8211
|
| 952 |
|
|
|0 0
|1 0
|2 ddc
|4 0
|6 349_549203000000000_AIN_2006
|7 1
|9 9392
|a BRACUL
|b BRACUL
|c REF
|d 2010-04-22
|e Anupam Gyan Bhandar
|g 1350.00
|l 2
|m 27
|o 349.549203 AIN
|p 3010020144
|r 2012-10-23
|s 2012-07-09
|t 1
|v 2700.00
|w 2010-04-22
|y BK
|x Requisitioned by K. Shamsuddin Mahmood, Professor and Dean, School of Law, BRAC University
|
| 952 |
|
|
|0 0
|1 4
|2 ddc
|4 0
|6 349_549203000000000_AIN
|7 1
|9 9394
|a BRACUL
|b BRACUL
|c REF
|d 2010-04-22
|e Anupam Gyan Bhandar
|g 1350.00
|l 0
|o 349.549203 AIN
|p 3010020145
|r 2010-04-22
|t 2
|v 2700.00
|w 2010-04-22
|y BK
|x Koha Inventory 2020 ; Requisitioned by K. Shamsuddin Mahmood, Professor and Dean, School of Law, BRAC University
|
| 952 |
|
|
|0 0
|1 0
|2 ddc
|4 0
|6 349_549203000000000_AIN_2006
|7 1
|9 10063
|a BRACUL
|b BRACUL
|c REF
|d 2010-05-11
|l 3
|m 29
|o 349.549203 AIN
|p 3010020176
|r 2016-04-03
|s 2015-09-08
|t 3
|w 2010-05-11
|y BK
|
| 952 |
|
|
|0 0
|1 0
|2 ddc
|4 0
|6 349_549200000000000_03_AIN_2006
|7 1
|9 59144
|a BRACUL
|b BRACUL
|c REF
|d 2016-06-16
|l 1
|m 17
|o 349.549203 AIN
|p 3010031150
|r 2019-09-15
|s 2019-05-27
|t 4
|w 2016-06-16
|y BK
|